• 首页
  • 本馆介绍
  • 公告通知
  • 最新文献
  • 馆藏检索
  • 电子资源
  • 读者导购
  • 参考咨询
  • 我的图书馆
  • 登录
  • 详细信息显示
  • 放入我的书架
  • 预约/预借图书
  • 作者相关作品
  • 分类相关作品
  • 丛书相关作品
  • 出版社相关作品

书目信息

  • 表格格式
  • 工作单格式
  • 卡片格式
题名:
机床动力学
    
 
作者: 杨棣 著
分册:  
出版信息: 北京   机械工业出版社  1983
页数: 329页
开本: 19cm
丛书名:
单 册:
中图分类: TG502.1
科图分类:
主题词: 机床-动力学 , 动力学-机床
电子资源:
ISBN:
000 00602nam0 2200241 45
001 0183000108
005 20060808172441.56
010    @dCNY1.10
091    @a15033.5424
100    @a19950608d1983 em y0chiy0121 ea
101 0  @achi
102    @aCN@b110000
105    @ay z 000yy
200 10 @a机床动力学@Aji chuang dong li xue@f杨棣著
210    @a北京@c机械工业出版社@d1983
215    @a329页@d19cm
606    @a机床-动力学
606    @a动力学-机床
690    @aTG502.1@v3
701  0 @a杨棣@Ayang di@4著
801  2 @aCN@bNLC@c20060808
801  0 @aCN@bTSSF
905    @a10447@dTG502.1@e33:1
    
    机床动力学/杨棣著.-北京:机械工业出版社,1983
    329页;19cm
    
    
    ISBN :CNY1.10
    
●
相关链接 在E读中查询图书 在五车中查询图书 在当当中查询图书 在豆瓣中查询图书


正题名:机床动力学     索取号:TG502.1/33:1         预约/预借

序号 登录号 条形码 馆藏地/架位号 状态 备注
1 0451776   204517763   密集书库/ [索取号:TG502.1/33:1] 在馆    
2 0451777   204517772   密集书库/ [索取号:TG502.1/33:1] 在馆    
3 0451778   204517781   密集书库/ [索取号:TG502.1/33:1] 在馆    
唐山师范学院图书馆 欢迎您!
大连网信软件有限公司© 版权所有